[Houdek, Fedor]

Zobrazenie: Podobizeň politika, národohospodára, publicistu Fedora Houdeka z roku 1928 (5.1.1877 Ružomberok - 26.2.1953 Bratislava).

Bibliographic Details
Corporate Author: J. F. Langhans (Praha, Česko) (Author)
Format: Photo
Language:Czech
PhysicalDescription:1 fotografia čiernobiela 14 x 9 cm
Published: [S.l. s.n.] [1928]
Subjects:

MARC

LEADER 00000nkmaa2200000 a 4500
001 vtls011885689
003 SK-MaSNL
005 20260301101754.0
007 kh bo
008 230802s1928 xr | |||0 k|cze
035 |a urn:nbn:sk:snk-km00ej6i 
035 |a urn:nbn:sk:snk-km45waq 
035 |a 7CC00BD7-ADB2-43A2-AE63-CF5406AFCFF1 
040 |a SNKLA  |b slo  |c SNKLA  |e AACR2 
041 0 |a cze 
044 |a xr  |c CZ 
110 2 |a J. F. Langhans (Praha, Česko)  |4 aut  |9 338271 
245 1 0 |a [Houdek, Fedor]  |h grafika 
260 |a [S.l.  |b s.n.]  |c [1928] 
300 |a 1 fotografia  |b čiernobiela  |c 14 x 9 cm 
520 2 |a Zobrazenie: Podobizeň politika, národohospodára, publicistu Fedora Houdeka z roku 1928 (5.1.1877 Ružomberok - 26.2.1953 Bratislava). 
600 1 7 |a Houdek, Fedor Ján,  |d 1877-1953  |2 SNKMA  |9 222671 
655 7 |a portrétne fotografie  |2 SNKPH  |9 305796 
852 7 |a Slovenská národná knižnica v Martine  |b Literárny archív 
958 |a ZO 
958 |a BLA 
999 |c 690280  |d 692210 
952 |a SNKLA  |b SNKLA  |c SNKLA_DEP  |y NEVYP  |7 0  |p 17A1310264  |o snkSH 29/2  |0 0  |1 0  |4 0  |d 2019-09-06  |f 1  |l 0  |r 2026-02-23 20:25:05  |w 2026-02-23